000 00932nam0a22002291i 4500
001 rc\3330209
005 20240724000618.0
021 _aRU
_b[73-1680а]
035 _a(NLR Aleph) 007424777
090 _a6953494
_c6953494
100 _a20130115d1972 |||y0rusy50 ca
101 0 _arus
102 _aRU
105 _ay d |||||
200 1 _aНаучно-техническая интеллигенция в условиях развитого социалистического общества
_e(На материалах БССР)
_eАвтореф. дис. на соиск. учен. степени канд. филос. наук
_e(09.00.01)
_fАН БССР. Ин-т философии и права
210 _aМинск
_d1972
215 _a23 с.
700 1 _aТавлай
_bА.В.
_gАлексей Владимирович
801 0 _aRU
_bNLR
_gpsbo
801 1 _aRU
_bELAR
_2rusmarc
852 _aNLR
_j73-4/18035
942 _cBOOK